Psychológia pre učiteľov

Gespeichert in:
Bibliographische Detailangaben
1. Verfasser: Kačániová, Jarmila
Körperschaft: Ekonomická univerzita v Bratislave. Národohospodárska fakulta
Weitere Verfasser: Šlosár, Rudolf, Blaškovič, Oskar
Format: Buch
Sprache:Slowakisch
Veröffentlicht: Bratislava Ekonóm 2008
Ausgabe:3. vyd.
Schlagworte:
Tags: Tag hinzufügen
Keine Tags, Fügen Sie das erste Tag hinzu!

MARC

LEADER 00000nam a2200000 4500
001 0087817
005 20221007085752.4
020 |a 978-80-225-2649-4 
041 0 |a slo 
044 |a SK 
245 1 0 |a Psychológia pre učiteľov  |c Jarmila Kačániová 
250 |a 3. vyd. 
264 1 |a Bratislava  |b Ekonóm  |c 2008 
300 |a 275 s. 
610 2 0 |a psychológia 
610 2 0 |a učitelia 
610 2 0 |a výskum 
610 2 0 |a študenti 
610 2 0 |a výchova 
610 2 0 |a vzdelávanie 
610 2 0 |a vzdelanie 
610 2 0 |a osobnosť 
610 2 0 |a správanie 
610 2 0 |a motivácia 
610 2 0 |a inteligencia 
610 2 0 |a skupiny sociálne 
610 2 0 |a zdravie 
100 1 |a Kačániová, Jarmila 
700 1 |a Šlosár, Rudolf 
700 1 |a Blaškovič, Oskar 
710 2 |a Ekonomická univerzita v Bratislave. Národohospodárska fakulta